000
00329nam a2200133Ia 4500
005
20251222141908.0
008
251222s9999||||xx |||||||||||||| ||spa||
020
_a
84-206-3398-4
082
_a
868.6/T72C
100
_a
Torrente Ballester, Gonzalo
245
0
_a
Compostela y su Ángel
264
_b
Alianza Editorial
942
_c
LIB
999
_c
8296
_d
8296